<?xml version="1.0" encoding="UTF-8"?>
<collection xmlns="http://www.loc.gov/MARC21/slim">
 <record>
  <leader>00755pamaa2200217   4500</leader>
  <controlfield tag="001">0000021529</controlfield>
  <controlfield tag="005">20070205090000.0</controlfield>
  <datafield tag="020" ind1="0" ind2="0">
   <subfield code="a">0855981350 </subfield>
  </datafield>
  <datafield tag="082" ind1=" " ind2=" ">
   <subfield code="a">382.091724 COO</subfield>
  </datafield>
  <datafield tag="090" ind1="0" ind2="0">
   <subfield code="a">HF1421 </subfield>
   <subfield code="b">COO 1992</subfield>
  </datafield>
  <datafield tag="100" ind1="1" ind2="0">
   <subfield code="a">COOTE </subfield>
  </datafield>
  <datafield tag="245" ind1="1" ind2="4">
   <subfield code="a">The trade trap : </subfield>
   <subfield code="b">poverty and the global commodity markets  </subfield>
   <subfield code="c">Belinda Coote.</subfield>
  </datafield>
  <datafield tag="260" ind1="0" ind2="0">
   <subfield code="a">Oxford [England] : Oxfam, c1992.</subfield>
  </datafield>
  <datafield tag="300" ind1=" " ind2=" ">
   <subfield code="a">x, 214 p. : ill., ports. ; 25 cm..</subfield>
  </datafield>
  <datafield tag="504" ind1="0" ind2="0">
   <subfield code="a">Includes bibliographical references and index</subfield>
  </datafield>
  <datafield tag="650" ind1="0" ind2="0">
   <subfield code="a">International trade </subfield>
  </datafield>
  <datafield tag="650" ind1="0" ind2="0">
   <subfield code="a">Developing countries -- </subfield>
   <subfield code="x">Economic conditions </subfield>
  </datafield>
  <datafield tag="650" ind1="0" ind2="0">
   <subfield code="a">Produce trade -- </subfield>
   <subfield code="x">Developing countries </subfield>
  </datafield>
  <datafield tag="650" ind1="0" ind2="0">
   <subfield code="a">Primary commodities -- </subfield>
   <subfield code="x">Developing countries </subfield>
  </datafield>
  <datafield tag="650" ind1="0" ind2="0">
   <subfield code="a">Prices -- </subfield>
   <subfield code="x">Developing countries </subfield>
  </datafield>
  <datafield tag="650" ind1="0" ind2="0">
   <subfield code="a">Commodity control </subfield>
  </datafield>
 </record>
</collection>
